Избранные произведения : (Record no. 187408)
[ view plain ]
| 000 -LEADER | |
|---|---|
| fixed length control field | 00999nam a2200229 a 4500 |
| 001 - CONTROL NUMBER | |
| control field | 000505530 |
| 003 - CONTROL NUMBER IDENTIFIER | |
| control field | AM-YeHGA |
| 005 - DATE AND TIME OF LATEST TRANSACTION | |
| control field | 20251009144854.0 |
| 008 - FIXED-LENGTH DATA ELEMENTS--GENERAL INFORMATION | |
| fixed length control field | 061024s1990 ru ||| |||||||||||0|rus|d |
| 040 ## - CATALOGING SOURCE | |
| Original cataloging agency | AM-YeHGA |
| 041 1# - LANGUAGE CODE | |
| Language code of text/sound track or separate title | rus |
| Language code of original | ger |
| 100 1# - MAIN ENTRY--PERSONAL NAME | |
| Personal name | Вебер, Макс, |
| Dates associated with a name | 1864-1920 |
| 245 10 - TITLE STATEMENT | |
| Title | Избранные произведения : |
| Remainder of title | Пер. с нем. / |
| Statement of responsibility, etc. | М. Вебер ; Сост., общ. ред. и послесл. Ю.Н. Давыдова ; Предисл. П.П. Гайденко. |
| 260 ## - PUBLICATION, DISTRIBUTION, ETC. | |
| Place of publication, distribution, etc. | Москва : |
| Name of publisher, distributor, etc. | Прогресс, |
| Date of publication, distribution, etc. | 1990. |
| 300 ## - PHYSICAL DESCRIPTION | |
| Extent | 805 с. |
| 440 #0 - SERIES STATEMENT/ADDED ENTRY--TITLE | |
| Title | Социологическая мысль Запада |
| 504 ## - BIBLIOGRAPHY, ETC. NOTE | |
| Bibliography, etc. note | Библиогр. в примеч. в конце работ |
| 650 14 - SUBJECT ADDED ENTRY--TOPICAL TERM | |
| Topical term or geographic name entry element | Социология |
| 700 1# - ADDED ENTRY--PERSONAL NAME | |
| Personal name | Давыдов, Юрий Николаевич |
| Relator term | сост. |
| Relationship | com |
| Relator term | ред. |
| Relationship | edt |
| Relator term | авт. послесл. |
| Relationship | aui |
| 700 1# - ADDED ENTRY--PERSONAL NAME | |
| Personal name | Гайденко, Пиама Павловна |
| Relator term | авт. предисл. |
| Relationship | aui |
| 942 ## - ADDED ENTRY ELEMENTS (KOHA) | |
| Source of classification or shelving scheme | Universal Decimal Classification |
| Koha item type | Գրքեր / Books |
| Withdrawn status | Lost status | Damaged status | Not for loan | Collection | Home library | Current library | Date acquired | Total checkouts | Full call number | Barcode | Date last seen | Date last checked out | Price effective from | Koha item type | Public note |
|---|---|---|---|---|---|---|---|---|---|---|---|---|---|---|---|
| General | Fundamental Scientific Library | Fundamental Scientific Library | 28/12/2016 | 5 | PII/632602 | FL0200764 | 04/03/2025 | 28/02/2025 | 28/12/2016 | Գրքեր / Books | 30 Days Loan | ||||
| General | Fundamental Scientific Library | Fundamental Scientific Library | 04/06/2025 | PII/662296 | FL0691875 | 04/06/2025 | 04/06/2025 | Գրքեր / Books | 30 Days Loan |
ՀՀ Գիտությունների ազգային ակադեմիայի հիմնարար գիտական գրադարան = Fundamental Scientific Library of NAS RA
All site content, except where otherwise noted, is licensed under a